000 00684nam a2200241Ia 4500
005 20230605114057.0
008 131103s9999 xx 000 0 und d
020 _a415319323
_c1781.00
040 _aLoreto College
041 _aEnglish
082 _a938
_bSTO
100 _aStoneman, Richard
245 _aAlexander the Great
_cRichard Stoneman
250 _a2nd ed
260 _aLondon and New York
_bRoutledge
_c2004
300 _axi,126p
_b maps, ills
440 _aLancaster Pamphlets
504 _aIncludes bibliography and index
650 _aAlexander the Great, 356 BC-323 BC
651 _aMacedonia, History, Alexander the Great
850 _aLCLIB
942 _cBK
999 _c7002
_d57481